Frühkindliches Schicksal und Neurose: schizoide und depressive Neurose-Erkrankungen als Folge frühkindlicher Erlebnisschäden in der Kriegszeit
| Autor principal: | |
|---|---|
| Tipo de documento: | Print Libro |
| Lenguaje: | Alemán |
| Publicado: |
Göttingen
Verl. für Med. Psychologie im Verl. Vandenhoeck & Ruprecht
1968
|
| En: |
Praxis der Kinderpsychologie und Kinderpsychiatrie / Beihefte (10)
Año: 1968 |
| Disponibilidad en Tübingen: | Disponible en Tübingen. IFK: M VI 28 |
| Verificar disponibilidad: | HBZ Gateway |
| Servicio de pedido Subito: | Pedir ahora. |
| Palabras clave: |
MARC
| LEADER | 00000cam a2200000 c 4500 | ||
|---|---|---|---|
| 001 | 1077280904 | ||
| 003 | DE-627 | ||
| 005 | 20260206201651.0 | ||
| 007 | tu | ||
| 008 | 850101s1968 gw ||||| 00| ||ger c | ||
| 035 | |a (DE-627)1077280904 | ||
| 035 | |a (DE-603)084399813 | ||
| 035 | |a (DE-576)007280904 | ||
| 035 | |a (DE-599)BSZ007280904 | ||
| 035 | |a (OCoLC)256074469 | ||
| 035 | |a (OCoLC)1056111078 | ||
| 035 | |a (OCoLC)256074469 | ||
| 035 | |a (DE-604)8009211357 | ||
| 035 | |a (AT-OBV)AC05843422 | ||
| 040 | |a DE-627 |b ger |c DE-627 |e rakwb | ||
| 041 | |a ger | ||
| 044 | |c XA-DE | ||
| 084 | |a 1 |2 ssgn | ||
| 084 | |a YH 6618 |2 rvk |0 (DE-625)rvk/153567:12924 | ||
| 084 | |a YQ 7214 |2 rvk |0 (DE-625)rvk/154072:12920 | ||
| 084 | |a CU 4000 |2 rvk |0 (DE-625)rvk/19113: | ||
| 084 | |a BU 8300 |2 rvk |0 (DE-625)rvk/16934: | ||
| 084 | |a CU 3040 |2 rvk |0 (DE-625)rvk/19105: | ||
| 084 | |a CU 5000 |2 rvk |0 (DE-625)rvk/19115: | ||
| 090 | |a a | ||
| 100 | 1 | |a Hau, Theodor F. |0 (DE-627)1231327928 |0 (DE-576)161327923 |4 aut | |
| 109 | |a Hau, Theodor F. |a Hau, T. F. | ||
| 245 | 1 | 0 | |a Frühkindliches Schicksal und Neurose |b schizoide und depressive Neurose-Erkrankungen als Folge frühkindlicher Erlebnisschäden in der Kriegszeit |c Theodor F. Hau |
| 264 | 1 | |a Göttingen |b Verl. für Med. Psychologie im Verl. Vandenhoeck & Ruprecht |c 1968 | |
| 300 | |a 153 S. | ||
| 336 | |a Text |b txt |2 rdacontent | ||
| 337 | |a ohne Hilfsmittel zu benutzen |b n |2 rdamedia | ||
| 338 | |a Band |b nc |2 rdacarrier | ||
| 361 | 1 | |5 DE-32 |y 76615016X |s 189908 - A |o Vorbesitz |a Vandenhoeck & Ruprecht |0 (DE-588)2024420-4 |0 (DE-627)102163758 |0 (DE-576)191770086 |f Stempel | |
| 490 | 1 | |a Praxis der Kinderpsychologie und Kinderpsychiatrie |a Beihefte |v 10 | |
| 500 | |a Literaturverz. S. 150 - 153 | ||
| 505 | 8 | |a Literaturverz. S. 150 - 153 | |
| 583 | 1 | |a Archivierung/Langzeitarchivierung gewährleistet |f SSG |x XA-DE-BW |2 pdager |5 DE-21 | |
| 583 | 1 | |a Archivierung/Langzeitarchivierung gewährleistet |f PENI |x XA-DE-NI |2 pdager |5 DE-35 | |
| 650 | 0 | |a Neuroses | |
| 650 | 0 | |a Child Psychiatry | |
| 650 | 0 | 7 | |0 (DE-588)4000646-3 |0 (DE-627)106400517 |0 (DE-576)208838899 |a Ätiologie |2 gnd |
| 650 | 0 | 7 | |0 (DE-588)4041901-0 |0 (DE-627)106216953 |0 (DE-576)209047534 |a Neurose |2 gnd |
| 650 | 0 | 7 | |0 (DE-588)4052527-2 |0 (DE-627)104509287 |0 (DE-576)209098740 |a Schizophrenie |2 gnd |
| 689 | 0 | 0 | |d s |0 (DE-588)4041901-0 |0 (DE-627)106216953 |0 (DE-576)209047534 |a Neurose |2 gnd |
| 689 | 0 | |5 DE-101 | |
| 689 | 1 | 0 | |d s |0 (DE-588)4028859-6 |0 (DE-627)104419199 |0 (DE-576)208979859 |a Jugend |2 gnd |
| 689 | 1 | 1 | |d s |0 (DE-588)4041901-0 |0 (DE-627)106216953 |0 (DE-576)209047534 |a Neurose |2 gnd |
| 689 | 1 | |5 DE-101 | |
| 689 | 2 | 0 | |d s |0 (DE-588)4000646-3 |0 (DE-627)106400517 |0 (DE-576)208838899 |a Ätiologie |2 gnd |
| 689 | 2 | 1 | |d s |0 (DE-588)4041901-0 |0 (DE-627)106216953 |0 (DE-576)209047534 |a Neurose |2 gnd |
| 689 | 2 | |5 DE-101 | |
| 689 | 3 | 0 | |d s |0 (DE-588)4000646-3 |0 (DE-627)106400517 |0 (DE-576)208838899 |a Ätiologie |2 gnd |
| 689 | 3 | 1 | |d s |0 (DE-588)4052527-2 |0 (DE-627)104509287 |0 (DE-576)209098740 |a Schizophrenie |2 gnd |
| 689 | 3 | |5 DE-101 | |
| 689 | 4 | 0 | |d s |0 (DE-588)4041901-0 |0 (DE-627)106216953 |0 (DE-576)209047534 |a Neurose |2 gnd |
| 689 | 4 | |5 (DE-627) | |
| 689 | 5 | 0 | |d s |0 (DE-588)4041901-0 |0 (DE-627)106216953 |0 (DE-576)209047534 |a Neurose |2 gnd |
| 689 | 5 | 1 | |d s |0 (DE-588)4000646-3 |0 (DE-627)106400517 |0 (DE-576)208838899 |a Ätiologie |2 gnd |
| 689 | 5 | |5 (DE-627) | |
| 689 | 6 | 0 | |d s |0 (DE-588)4052527-2 |0 (DE-627)104509287 |0 (DE-576)209098740 |a Schizophrenie |2 gnd |
| 689 | 6 | 1 | |d s |0 (DE-588)4000646-3 |0 (DE-627)106400517 |0 (DE-576)208838899 |a Ätiologie |2 gnd |
| 689 | 6 | |5 (DE-627) | |
| 830 | 0 | |a Praxis der Kinderpsychologie und Kinderpsychiatrie / Beihefte |v 10 |9 10 |w (DE-627)130115274 |w (DE-576)015645673 |w (DE-600)504399-2 |x 0085-5073 |7 am | |
| 889 | |w (DE-627)022608842 | ||
| 935 | |a mteo | ||
| 935 | |i mdedup | ||
| 935 | |i sf | ||
| 935 | |h HEB |i 0501 | ||
| 935 | |h HEB |i 0503 | ||
| 936 | r | v | |a YH 6618 |b Ätiologie, Pathogenese |k Medizin |k Psychiatrie, Medizinische Psychologie |k Spezielle Psychiatrie |k Neurosen |k Allgemeines |k A. Formalschlüssel |k Allgemeine Literatur zu einem Hauptgebiet |k Ätiologie, Pathogenese |0 (DE-627)1272294293 |0 (DE-625)rvk/153567:12924 |0 (DE-576)202294293 |
| 936 | r | v | |a YQ 7214 |b Anamnese, Diagnostik, Symptomatologie, Prognostik |k Medizin |k Kinderheilkunde (Pädiatrie) |k Spezielle Kinderheilkunde |k Psychologie und Psychiatrie des Kindesalters |k Kinderpsychologie, Kinderpflege, Erziehung |k A. Formalschlüssel |k Allgemeine Literatur zu einem Hauptgebiet |k Anamnese, Diagnostik, Symptomatologie, Prognostik |0 (DE-627)1277829209 |0 (DE-625)rvk/154072:12920 |0 (DE-576)207829209 |
| 936 | r | v | |a CU 4000 |b Spezielle Verhaltensstörungen und Symptome |k Psychologie |k Klinische Psychologie |k Psychische Störungen |k Spezielle Verhaltensstörungen und Symptome |0 (DE-627)1270710176 |0 (DE-625)rvk/19113: |0 (DE-576)200710176 |
| 936 | r | v | |a BU 8300 |b Pädagogische Anthropologie des Heranwachsenden |k Theologie und Religionswissenschaften |k Religionspädagogik und Katechetik |k Menschen als Adressaten und Partner von Erziehung, Unterweisung und Katechese |k Pädagogische Anthropologie des Heranwachsenden |0 (DE-627)1270760750 |0 (DE-625)rvk/16934: |0 (DE-576)200760750 |
| 936 | r | v | |a CU 3040 |b Posttraumatische Belastungsstörung, Kritische Lebensereignisse, Stress. Bewältigung |k Psychologie |k Klinische Psychologie |k Psychische Störungen |k Posttraumatische Belastungsstörung, Kritische Lebensereignisse, Stress. Bewältigung |0 (DE-627)127158171X |0 (DE-625)rvk/19105: |0 (DE-576)20158171X |
| 936 | r | v | |a CU 5000 |b Psychische Störungen in der Kindheit und im Jugendalter |k Psychologie |k Klinische Psychologie |k Psychische Störungen |k Psychische Störungen in der Kindheit und im Jugendalter |0 (DE-627)1551689723 |0 (DE-625)rvk/19115: |0 (DE-576)481689729 |
| 936 | s | n | |a b100 |2 mzub |
| 936 | s | n | |a c200 |2 mzub |
| 951 | |a BO | ||
| ELC | |b 1 | ||
| LOK | |0 000 xxxxxcx a22 zn 4500 | ||
| LOK | |0 001 2873284420 | ||
| LOK | |0 003 DE-627 | ||
| LOK | |0 004 1077280904 | ||
| LOK | |0 005 20151116135325 | ||
| LOK | |0 008 150728||||||||||||||||ger||||||| | ||
| LOK | |0 035 |a (DE-21-110)kd33376 | ||
| LOK | |0 040 |a DE-21-110 |c DE-627 |d DE-21-110 | ||
| LOK | |0 852 |a DE-21-110 | ||
| LOK | |0 852 1 |c M VI 28 |m p |9 00 | ||
| LOK | |0 935 |a k110 | ||
| LOK | |0 938 |k p | ||
| LOK | |0 939 |a 28-07-15 |b l01 | ||
| ORI | |a SA-MARC-krimdoka001.raw | ||
| SIG | |a IFK: M VI 28 | ||
